00618 2200217 4500001002100000005001700021008004100038020002200079035002400101040001200125082001800137090002400155100002200179245005700201260003200258300003500290504003100325650001100356850001200367990002100379INLIS00000000002433120161124085721.0  a978-602-6912-19-0 0010-111600000000585 aYOPDYOG 223a338.47664 aDEP 338.47664 Mut P aMUTIARA NUGRAHENI aPengetahuan bahan pangan nabatic/ Mutiara Nugraheni aYogyakartabPlantaxiac2016 ax, 284 hlm.b: ilus.c; 25 cm. aBibliografi : hlm. 272-284 aPangan aYOPDYOG aCB-D.11/2016-895